| 000 | 00533nam a2200169 a 4500 | ||
|---|---|---|---|
| 008 | 120416s1963 ||||||||||||||||| || u | ||
| 050 | _aKD 115 Sch | ||
| 100 | _aSchmitthoff, Clive M | ||
| 245 | 1 | 0 | _aCharlesworth's mercantile law |
| 250 | _a10th ed. | ||
| 260 |
_aLondon _bStevens _c1963 |
||
| 300 | _axli, 390p. | ||
| 350 | _a0.00 | ||
| 650 | _aLAW | ||
| 650 | _aMERCANTILE LAW | ||
| 995 |
_D0.00 _FCBU-MAIN LIBRARY (Kitwe) _H1 _I15.95 _M1 _UDAMAGED _ZMain Library Open Access Collection |
||
| 999 |
_c37123 _d37123 |
||